Normal view
MARC view
Entry Personal Name
001 - CONTROL NUMBER
- control field: 19002
003 - CONTROL NUMBER IDENTIFIER
- control field: OSt
005 - DATE AND TIME OF LATEST TRANSACTION
- control field: 20240724110306.0
008 - FIXED-LENGTH DATA ELEMENTS
- fixed length control field: 240724|| aca||aabn | a|a d
040 ## - CATALOGING SOURCE
- Original cataloging agency: OSt
- Transcribing agency: OSt
100 ## - HEADING--PERSONAL NAME
- Personal name: McWaters, Marcus
670 ## - SOURCE DATA FOUND
- Source citation: Work cat.: (OSt)9291: Ratti,J S 19001, College Algebra/
